00823nam a2200181 a 450000100100000000500170001000800410002704000250006808200160009310000430010924500960015226000720024830000280032050001530034804900090050195201140051099900170062400002745620240228184147.0110331s1996 dr a 000 0 spa d aDO-SdBNPbspacBNPHU axxxxbV145c1 aValdez Albizu, Héctor,d1947-91232210aCrecimiento con estabilidad :buna propuesta para el desarrollo /cHéctor Valdez Albizu,. aSanto Domingo :bBanco Central de la República Dominicana,c1996. a25 p :bgraf. ;c29 cm. aDisertación ofrecida ante al Cámara America de Comercio de la República Dominicana por el gobernador del Banco Central, Héctor Valdez Albizu aBNPD 0010718PDaPDbPDcCTd2011-03-31iLF1l0oxxxx V145cp27456-10r2020-06-25w2020-06-25yLFPDZNo se presta c26948d26948